000
00306nam a22001337a 4500
020
_a
81-7992-162
082
_a
100
_b
SHA/M
100
_a
SHARMA,ROBIN
245
_a
THE MONK WHO SOLD HIS FERRARI
260
_a
INDIA
_b
JAICO BOOKS
300
_a
197
650
_a
PERSONALITY DEVELOPMENT
_z
INDIA
942
_c
BK
999
_c
5354
_d
5354